000 01445cam a22004454i 4500
003 PE-LiUPU
005 20250731173317.0
008 150625s r 000 0 d
020 _a0829739769
035 _a(Sirsi) i9780829739763
040 _aPE-LiUPU
_bspa
_cPE-LiUPU
_erda
049 _aPRUA
082 0 4 _a248.4
_bY21
_221
100 1 _aYancey, Philip,
_eautor.
245 1 0 _aRumores :
_bde otro mundo /
_cPhilip Yancey.
264 1 _aMiami, Florida :
_bEditorial Vida,
_c2005.
300 _a271 páginas ;
_c21 centímetros
336 _atext
_2rdacontent
337 _aunmediated
_2rdamedia
338 _avolume
_2rdacarrier
505 0 _a¿Qué nos estamos perdiendo?. -Señales de desorden. -Dos mundos.
526 _aSEG42
526 _aSEG41
526 _aSEG40
526 _aSEG39
526 _aP94
526 _aP87
526 _aP86
526 _aP85
526 _aP77
526 _aP76
526 _aP35
541 _g001-0000164;
650 0 4 _aVida Cristiana.
942 _2ddc
_cBOOK
949 _a248.4 Y21
_wDEWEY
_c1
_i56709
_lCCODEBUL1
_mBUL
_p9.00
_r0
_sY
_tBOOK
_u2015-6-25
_xTEOLOGIA
_zUNKNOWN
_0COMPRA
_o.STAFF. Colección General
994 _aC0
_bPEPRU
596 _a1
999 _a248.4 Y21
_wDEWEY
_c45862
_i56709
_f2021-11-11
_g5
_lCCODEBUL1
_mBUL
_p9.00
_r0
_sY
_tBOOK
_u2015-6-25
_xTEOLOGIA
_zUNKNOWN
_0COMPRA
_o.STAFF. Colección General
_d45862
980 _81
_gALBERTO SANCHEZ Responsable de Automatización